000
00184 a2200097 4500
020
_a
9780439773751
041
_a
spa
100
_a
Luz Orihuela
245
_a
Caperucita roja
942
_c
K
999
_c
30152
_d
30150